Oral pleadings and related documents submitted on behalf of the Government of Chile
Saved in:
| Institution som forfatter: | |
|---|---|
| Format: | Bog |
| Sprog: | engelsk fransk spansk |
| Udgivet: |
Ginebra
Presses de l'Imprimerie Atar S.A.
1977
|
| Udgivelse: | 1a. ed |
| Serier: | <The >Beagle Channel Arbitration
|
| Fag: | |
| Tags: |
Tilføj Tag
Ingen Tags, Vær først til at tagge denne postø!
|
MARC
| LEADER | 00000nam a2200000 a 4500 | ||
|---|---|---|---|
| 001 | UCJ7322 | ||
| 003 | CL-VaPUC | ||
| 008 | 070124e19770430SZ |||||||||||||||||eng|d | ||
| 041 | 0 | 7 | |a eng |2 CL-VaPUC |
| 041 | 0 | 7 | |a fre |2 CL-VaPUC |
| 041 | 0 | 7 | |a spa |2 CL-VaPUC |
| 082 | 0 | 4 | |a 983 |b REP |2 21 |
| 110 | 2 | |a República de Chile |e author |9 515625 | |
| 245 | 1 | 0 | |a Oral pleadings and related documents submitted on behalf of the Government of Chile |
| 250 | |a 1a. ed | ||
| 300 | |a 436 p | ||
| 942 | |c BK | ||
| 945 | |d 20070124 00:00:00 |a rinostro | ||
| 260 | |a Ginebra |b Presses de l'Imprimerie Atar S.A. |c 1977 | ||
| 500 | |a Dos mapas no señalados en índice | ||
| 600 | 0 | 7 | |a FITZMAURICE, SIR GERALD |2 CL-VaPUC |9 515626 |
| 600 | 0 | 7 | |a BARROS, JOSE MIGUEL |2 CL-VaPUC |9 515627 |
| 600 | 0 | 7 | |a BARBOZA, JULIO |2 CL-VaPUC |9 515628 |
| 650 | 0 | |a Límites con Argentina |9 504170 | |
| 650 | 7 | |a TRATATOS INTERNACIONALES |2 CL-VaPUC |9 515629 | |
| 650 | 0 | |a Arbitrajes internacionales |9 463132 | |
| 650 | 7 | |a DOCUMENTOS |2 CL-VaPUC |9 366450 | |
| 650 | 0 | |a Mapas |9 260844 | |
| 650 | 0 | |a Historia de Chile |9 265473 | |
| 583 | |a last modification |c 20070124 00:00:00 |k Rodrigo Vera | ||
| 490 | 0 | |a <The >Beagle Channel Arbitration | |
| 999 | |c 323417 |d 323415 | ||
| 952 | |0 0 |1 0 |4 0 |6 983_000000000000000_REP_1977 |7 0 |8 X |9 402992 |a FDOBUD |b FDOBUD |d 2019-11-22 |i 1061534 |o 983 REP 1977 |p 1061534 |r 2019-11-22 |w 2019-11-22 |y BK_X |k BUD | ||